00441nam a2200133Ia 4500008004100000040001800041041000800059100002100067245010200088260004100190300002600231500002800257650002200285130821s1974 mx gr spa  aCo-BoUCMbspa aspa aPropercio, Sexto aElegíascSexto Propercio; introducción, versión rítmica y notas de Rubén Bonifaz Nuño aMéxico D.F. (México)bUNAMc1974 apáginas volúmenes aTexto latin y español04aPoesía lírica